Click the Bon Jovi song title ending - Statistics

General Stats
  • This quiz has been taken 45 times
  • The average score is 17 of 20
Answer Stats
Hint Answer % Correct
Never Say Goodbye
98%
Livin' On A Prayer
98%
Wanted Dead Or Alive
95%
I'll Be There For You
95%
It's My Life
95%
You Give Love A Bad Name
95%
Lay Your Hands On Me
95%
Shot Through The Heart
95%
In These Arms
93%
Born To Be My Baby
93%
Bed of Roses
93%
Keep The Faith
90%
Bad Medicine
85%
Social Disease
78%
Let It Rock
73%
Wild In The Streets
70%
Dry County
68%
Living In Sin
65%
King Of The Mountain
55%
Only Lonely
53%
No matching quizzes found
Score Distribution
Percent of People with Each Score
Percentile by Number Answered
Your Score History
You have not taken this quiz